Lipská veľtržná mozaika čoraz príťažlivejšia..

Bibliographic Details
Main Author: (raš) (Author)
Format: Article
Language:Slovak
Subjects:

MARC

LEADER 00000nab a2200000 a 4500
001 vtls000032865
003 SK-MaSNL
005 20260304235812.0
008 111103c1979 xo 0 slo
015 |a SNBRB19rr/mm-uuuuu 
035 |a CL0042959 
040 |a SNKBUCL  |b slo  |c SNKBUCL  |e AACR2 
041 0 |a slo 
044 |a xo  |c SK 
080 |a 621:334.7  |2 1981 
080 |a 334.7  |2 1981 
080 |a 339.1  |2 1981 
100 1 |a (raš)  |4 aut  |9 881903 
245 1 0 |a Lipská veľtržná mozaika čoraz príťažlivejšia..  |c (raš) 
650 0 7 |a strojárstvo  |2 snkbucl  |9 674 
655 7 |a články z novín a časopisov  |2 snkbucl  |9 267496 
773 0 |t Technické noviny  |g Roč. 27, č. 14 (1979), s. 1 a 11 
850 |a Slovenská národná knižnica v Martine  |a MTA001 
852 |a SNK  |b KIS3GCP 
958 |a RK 
992 |a RBX 
999 |c 3210621  |d 3212551